000 01627nam a2200361 u 4500
001 000037429
003 DO-SdBNP
005 20260319132126.0
008 120416s2004 dr a r 000 0 spa d
020 _a9993487996
040 _aDO-SdBNP
_bspa
_cBNPHU
082 _a330.97293
_bB932
245 0 0 _aBuilding strategic partnerships for development :
_bDominican Republic-New York State /
_ceditor, María Elizabeth Rodríguez, Ramona Hernández ; prologo por Leonel Fernández.
260 _aSanto Domingo :
_bFundación Global Democracia y Desarrollo,
_c2004.
300 _a408 p. :
_bil. ;
_c29 cm.
504 _aIncluye referencias bibliográficas y notas al pie de las páginas
590 _aInventariado, 2018/ YL
650 0 _aAlianzas estratégicas (Negocios)
_963866
650 4 _aDominicanos estadounidenses
_xCondiciones económicas
_963867
650 4 _aDominicanos estadounidenses
_xCondiciones sociales
_963868
651 4 _aRepública Dominicana
_xCondiciones económicas
_y1961-
_97344
651 4 _aRepública Dominicana
_xRelaciones exteriores
_zEstados Unidos
_963869
651 4 _aEstados Unidos
_xEmigración e inmigración
_9291
651 4 _aEstados Unidos
_xRelaciones exteriores
_zRepública Dominicana
_96309
651 4 _aNueva York (N.Y.)
_963870
700 1 2 _aRodríguez, María Elizabeth
_eed.
_98348
700 1 2 _aHernández, Ramona,
_eed.
_910103
700 1 2 _aFernández, Leonel,
_d1953-
_epról.
_97291
710 2 _aFundación Global Democracía y Desarrollo
_925477
710 2 _aCUNY Dominican Studies Institute
_963871
910 _aValidado. Control de calidad MFF
942 _2ddc
_cLBS1
999 _c36919
_d36919